| 000 | 00733nam a22002297i 4500 | ||
|---|---|---|---|
| 001 | 134562 | ||
| 003 | ES-MaACL | ||
| 007 | t| | ||
| 008 | 070911s1955 sp ||||0| spa d | ||
| 016 | 7 |
_zIND2000944515 _zBNE20001891021 _zIND2000944500 |
|
| 040 |
_aM-BN-DP _bspa _cM-BN-DP |
||
| 080 | _a72(4)"19" | ||
| 100 | 1 |
_aWhittick, Arnold. _9116719 |
|
| 245 | 1 | 0 |
_aArquitectura europea del siglo XX. _n, . Tomo 1 / _cpor Arnold Whittick ; [traducción directa del inglés por Luis Castro]. |
| 250 | _a1ª ed. | ||
| 260 |
_aBarcelona : _bAHR, _c[1955] |
||
| 300 |
_av. <1> : _bil ; _c28 cm. |
||
| 650 | 1 | 7 |
_aArquitectura europea _2 _9153526 |
| 700 | 1 |
_aCastro, Luis. _936876 |
|
| 852 |
_aES-MaACL _jP-990 |
||
| 999 |
_c134562 _d134562 |
||